| 000 -LEADER |
| fixed length control field |
02730 a2200313 4500 |
| 003 - CONTROL NUMBER IDENTIFIER |
| control field |
Nust |
| 005 - DATE AND TIME OF LATEST TRANSACTION |
| control field |
20170207154053.0 |
| 020 ## - INTERNATIONAL STANDARD BOOK NUMBER |
| International Standard Book Number |
978-0-470-52206-6 |
| 020 ## - INTERNATIONAL STANDARD BOOK NUMBER |
| International Standard Book Number |
978-0-470-52206-6 |
| 035 ## - SYSTEM CONTROL NUMBER |
| System control number |
(AU-PeEL)EBL456132 |
| 035 ## - SYSTEM CONTROL NUMBER |
| System control number |
(OCoLC)457179586 |
| 040 ## - CATALOGING SOURCE |
| Transcribing agency |
Nust |
| 082 00 - DEWEY DECIMAL CLASSIFICATION NUMBER |
| Classification number |
332.63 |
| -- |
332.63 |
| -- |
332.63 |
| 100 1# - MAIN ENTRY--PERSONAL NAME |
| Personal name |
DAVID J. LYNN,YUSHENG HAO. |
| 245 10 - TITLE STATEMENT |
| Title |
Active Private Equity Real Estate Strategy (E-Book) |
| Medium |
[Elektronisk resurs]. |
| Statement of responsibility, etc. |
DAVID J. LYNN,YUSHENG HAO |
| 260 ## - PUBLICATION, DISTRIBUTION, ETC. |
| Place of publication, distribution, etc. |
Hoboken : |
| Name of publisher, distributor, etc. |
John Wiley & Sons, Inc., |
| Date of publication, distribution, etc. |
2009. |
| 300 ## - PHYSICAL DESCRIPTION |
| Extent |
1 online resource (307 p.) |
| 500 ## - GENERAL NOTE |
| General note |
Description based upon print version of record. |
| 505 0# - FORMATTED CONTENTS NOTE |
| Formatted contents note |
Active Private Equity Real Estate Strategy; Contents; Preface; Disclaimer; Acknowledgments; About the Authors; Part One: Market Analysis and Forecasts; Chapter 1: Overview of the U.S. Real Estate Market; Chapter 2: Forecasting the U.S. Market; Chapter 3: Recession Simulation and It's Effects on Real Estate; Chapter 4: Subprime Fallout; Chapter 5: Capital Markets; Chapter 6: The Bid-Ask Problem and Game Theory; Part Two: Active Strategies; Chapter 7: Residential Land Investment; Chapter 8: The U.S. Hotel Market and Strategy; Chapter 9: Global Gateway Industrial Market Investment |
| 505 0# - FORMATTED CONTENTS NOTE |
| Formatted contents note |
Chapter 10: The Opportunity in Senior HousingChapter 11: Active Portfolio Management Using Modern Portfolio Theory; Chapter 12: Derivatives in Private Equity Real Estate; Chapter 13: Opportunities in Infrastructure Investment; Appendix A: Typical Land Development Pro Forma Analysis-Three Scenarios; Appendix B: U.S. Hotel Chain Scales; Appendix C: Modern Portfolio Theory in Real Estate Portfolio Analytics; Appendix D: Commercial Real Estate Indexes; Appendix E: Example NPI Forecast Methodology; Selected Bibliography; Index; |
| 520 ## - SUMMARY, ETC. |
| Summary, etc. |
Proven private equity real estate investing strategies The subprime fallout and credit crisis have triggered a major transition in U.S. real estate. With tightening lending and underwriting standards, speculative investments and construction projects are likely to limited, resulting in constrained supply and healthier fundamentals over the long term. Looking forward, market participants anticipate that the coming years will be fraught with challenges as well as opportunities. Active Private Equity Real Estate Strategy is a collection of abridged market analyses, forecasts, and strategy paper |
| 650 #4 - SUBJECT ADDED ENTRY--TOPICAL TERM |
| Topical term or geographic name entry element |
Commercial real estate -- United States. |
| 650 #4 - SUBJECT ADDED ENTRY--TOPICAL TERM |
| Topical term or geographic name entry element |
Private equity. |
| 650 #4 - SUBJECT ADDED ENTRY--TOPICAL TERM |
| Topical term or geographic name entry element |
Real estate investment -- United States. |
| 650 #4 - SUBJECT ADDED ENTRY--TOPICAL TERM |
| Topical term or geographic name entry element |
Real estate investment. |
| 650 #4 - SUBJECT ADDED ENTRY--TOPICAL TERM |
| Topical term or geographic name entry element |
Residential real estate -- United States. |
| 651 ## - SUBJECT ADDED ENTRY--GEOGRAPHIC NAME |
| Geographic name |
Active Private Equity Real Estate Strategy (E-Book) |
| 655 #0 - INDEX TERM--GENRE/FORM |
| Genre/form data or focus term |
Electronic books. |
| 942 ## - ADDED ENTRY ELEMENTS (KOHA) |
| Source of classification or shelving scheme |
|
| Koha item type |
Book |